Представление документа в формате RUSMARC

ПолеНазваниеЗначение
  Тип записи a
  Библиографический уровень a
001 Контрольный номер RU/CBS_Ul/BASE/529960322
005 Дата корректировки 20240209175205.9
100 Данные общей обработки __
a Данные общей обработки 20161016d2016 ||| 0rusy0189 ca
101 Язык документа 0_
a Язык текста rus
102 Страна публикации __
a Страна публикации RU
105 Кодированные данные (монография) __
a Кодированные данные (монография) y###||||000|y
200 Заглавие и сведения об ответственности 1_
a Заглавие Счастливое дежавю
b Общее обозначение материала Текст
e Сведения, относящиеся к заглавию [о книге С. Говорухина "Вертикаль. Место встречи изменить нельзя"]
f Первые сведения об ответственности С. Казначеев
300 Общие примечания __
a Общие примечания Ограничения по возрасту - 16+
320 Библиография __
a Библиография Библиогр.: с. 50.
461 Уровень набора _0
1 2000
a Читаем вместе
463 Уровень физической единицы _0
1 001RU/CBS_Ul/BASE/527178586
1 2000
a № 8-9
v С. 50.
1 210
d 2016
600 Персоналии _0
a Персоналии (Фамилия) Говорухин
b Персоналии (Имя, инициалы) С.С.
606 Тематические рубрики 0_
a Основная рубрика Говорухин, Станислав Сергеевич (1936)
610 Ключевые слова 0_
a Ключевые слова книги
a Ключевые слова режиссеры
a Ключевые слова российские режиссеры
a Ключевые слова российское кино
686 Индексы других классификаций __
a Классификационный индекс 85.373(2)
2 Код системы ББК
700 Автор _1
a Фамилия Казначеев
b Имя (инициалы) С.
801 Источник записи _0
a Страна RU
b Организация МБУК ЦБС г. Ульяновска
c Дата составления 20161016
g Правила каталогизации RCR
801 Источник записи _1
a Страна RU
b Организация МБУК ЦБС г. Ульяновска
c Дата составления 20161016
g Правила каталогизации RCR
901 Тип документа __
t Тип документа b
w Контрольный № источника RU/CBS_Ul/BASE/527178586
910 Корректоры записи __
a Корректор записи Библиотека 8
938 Служебная информация __
a Имя БД period